00766nam a2200181 i 450000100060000000300090000600500170001500700030003200800410003510000380007624501560011426000840027030000270035465000320038185200320041399900170044595201220046274405ES-MaACL20230906172125.0t|040917s1972 sp ||||1| spa d1 aGonzález Guijarro, Juan.95869410aCálculo mercantil b: contestaciones al programa del concurso oposición para oficiales administrativos / cpreparadas por Juan González Guijarro. aMadrid : bBanco de España, Centro de Formación y Perfeccionamiento,c1972. aVII, 146 p. ; c30 cm.04aCálculo mercantil.910674 aES-MaACLjC-47214 bR.84242 c74405d74405 00104070aATENEOMbATENEOMcDEPO2d2008-01-17eSCl0oC-47214p1077888r2023-02-23 00:00:00w2023-02-23yMONOGRAFIA